Sitcoms of Horror! Quiz Stats

 Plays Quiz Updated Oct 26, 2015

Challenge
Share
Tweet
Embed
Score 0/20 Timer 05:00
1 Play Today
Description Sitcom % Correct
Boston barflies seem normal- but everyone KNOWS YOUR NAMECheers
90%
Six hip 20-somethings can't escape ugly naked fat manFriends
87.2%
Severed hand reanimates; moves in with family and their butlerThe Addams Family
83.8%
After accident, group is stranded on an island- with a scientist who can't even fix their boatGilligan's Island
83.1%
Angry dwarf enslaves New Yorkers; forces them to drive Yellow CabsTaxi
79.5%
Insane man is driven to act by directives from a horse that he thinks can talkMr. Ed
77.5%
Blond-haired boy stalks elderly neighbor, mockingly calling out his nameDennis the Menace
69.8%
Enchanted greaser controls electronics with the snap of his fingersHappy Days
69.5%
She's got a habit and a ruler and SHE CAN FLY!The Flying Nun
65.7%
Alien brings crew to Earth, probes University faculty and students3rd Rock from the Sun
63.8%
Description Sitcom % Correct
Older woman ignores advice of roommates- repeatedly seduces men (and kills them?!?)Golden Girls
63%
Incompetent sheriff's deputy terrorizes small town with a single bulletThe Andy Griffith Show
59.2%
Comic judge is haunted by the ghosts of bailiffs, who keep dying during the show's runNight Court
59%
A Vermont inn seems sleepy and quiet, but guests are stalked by three creepy backwoodsmen, two of whom share a nameNewhart
50.4%
Rural town is haunted by pig who can write, deliver papers, change channels and play the pianoGreen Acres
47.6%
Main character has a heart attack in every show, but is never reunited with his deceased wifeSanford and Son
42.9%
Comedy writer lives happy life but is repeatedly attacked by his living room furnitureThe Dick Van Dyke Show
39.9%
Ohio River town seems peaceful until it begins to RAIN TURKEYS!WKRP in Cincinnati
32.3%
High school History is taught by... severed head!!!Head of the Class
20.4%
Overweight housekeeper kills family pets- with a vacuum!Gimme a Break!
18.2%

You're not logged in!

Compare scores with friends on all Sporcle quizzes.
Join for Free
OR
Log In

You Might Also Like...

Show Comments

Extras

Top Quizzes Today


Score Distribution

Your Account Isn't Verified!

In order to create a playlist on Sporcle, you need to verify the email address you used during registration. Go to your Sporcle Settings to finish the process.

Report this User

Report this user for behavior that violates our Community Guidelines.

Details: